[Event "CZE-chT2F 1718"]
[Site "Czech Republic"]
[Date "2018.01.14"]
[Round "6.4"]
[White "Zalesky, Karel"]
[Black "Tomecek, Jan"]
[Result "0-1"]
[WhiteElo "2018"]
[BlackElo "2114"]
[PlyCount "124"]
[EventDate "2017.10.15"]
[EventType "team-tourn"]
[EventRounds "11"]
[EventCountry "CZE"]
[SourceTitle "EXT 2022"]
[Source "ChessBase"]
[SourceDate "2021.10.06"]
[SourceVersion "1"]
[SourceVersionDate "2021.10.06"]
[SourceQuality "1"]
[WhiteTeam "Benesov Dolni"]
[BlackTeam "Havirov Banik"]
[WhiteTeamCountry "CZE"]
[BlackTeamCountry "CZE"]

1. e4 e6 2. d4 d5 3. e5 c5 4. c3 Qb6 5. Nf3 Bd7 6. Be2 Bb5 7. 0-0 Bxe2 8. Qxe2 Ne7 9. dxc5 Qxc5 10. Na3 a6 11. Nd4 Nbc6 12. Nb3 Qa7 13. Nc2 Nf5 14. g4 Nh4 15. Be3 b6 16. f4 h5 17. Qf2 hxg4 18. Ne1 Rb8 19. Qe2 Nf5 20. Bf2 Be7 21. Ng2 Qc7 22. c4 d4 23. Qxg4 Rh6 24. Rad1 Bc5 25. Rfe1 Ke7 26. Nd2 Rg6 27. Qf3 Ne3 28. Bh4+ Ke8 29. Bg3 Nxd1 30. Rxd1 Ne7 31. Nh4 Rh6 32. Ne4 Nf5 33. Nxf5 exf5 34. Nf2 Qc6 35. Qd3 g6 36. a3 a5 37. Re1 a4 38. Qe2 Qe6 39. Qd3 Ke7 40. Qc2 Qc6 41. Nd3 Rbh8 42. Rd1 Ra8 43. Qf2 Qe4 44. Qd2 Rh3 45. Nf2 d3 46. Qxd3 Qxd3 47. Rxd3 Rd8 48. Rd5 Rhh8 49. Kf1 Ke6 50. Rxd8 Rxd8 51. Ke2 Rd4 52. Nd3 Rxc4 53. Nxc5+ Rxc5 54. Kd3 Kd5 55. Bf2 Rc4 56. Be3 b5 57. h3 Re4 58. Bd2 Rd4+ 59. Ke3 Kc4 60. h4 Rd3+ 61. Ke2 Rh3 62. Be1 Kb3 0-1

[Event "CZE-chT1E 1718"]
[Site "Czech Republic"]
[Date "2018.01.07"]
[Round "5.3"]
[White "Kozusek, Daniel"]
[Black "Zalesky, Karel"]
[Result "1-0"]
[WhiteElo "2237"]
[BlackElo "2018"]
[PlyCount "143"]
[EventDate "2017.10.22"]
[EventType "team-tourn"]
[EventRounds "11"]
[EventCountry "CZE"]
[SourceTitle "EXT 2019"]
[Source "ChessBase"]
[SourceDate "2018.10.10"]
[SourceVersion "1"]
[SourceVersionDate "2018.10.10"]
[SourceQuality "1"]
[WhiteTeam "Rychnov nad Kneznou"]
[BlackTeam "Opava KVS"]
[WhiteTeamCountry "CZE"]
[BlackTeamCountry "CZE"]

1. d4 Nf6 2. c4 e6 3. g3 Bb4+ 4. Bd2 Be7 5. Bg2 d5 6. Nf3 Ne4 7. Bf4 Nd7 8. 0-0 0-0 9. Qc2 Bd6 10. Bxd6 cxd6 11. cxd5 exd5 12. Nc3 Nxc3 13. Qxc3 Re8 14. e3 Nf6 15. Qb3 Re7 16. Rfc1 h6 17. Ne1 Be6 18. Nd3 g5 19. Nb4 Qa5 20. Rc3 Kg7 21. Rac1 Rd8 22. a3 Qb6 23. Nd3 Qxb3 24. Rxb3 Rc8 25. Rxc8 Bxc8 26. Rc3 Bf5 27. Nb4 Be6 28. f3 a5 29. Nd3 Bf5 30. Nf2 Kf8 31. Kf1 a4 32. Ke2 Ke8 33. Kd2 Kd8 34. Bf1 Bd7 35. Rc1 h5 36. Bd3 g4 37. f4 Re8 38. Ke2 Rh8 39. Kf1 h4 40. Kg2 h3+ 41. Kf1 Re8 42. Ke2 Nh5 43. Kd2 f5 44. Re1 Kc7 45. Kc3 Nf6 46. Kb4 Kb6 47. Nd1 Ne4 48. Bxe4 dxe4 49. Nc3 Ra8 50. Nd5+ Kc6 51. Nf6 d5 52. Rc1+ Kd6 53. Nxd7 Kxd7 54. Rc5 Kd6 55. Kb5 Ra6 56. Rc8 Kd7 57. Rc2 Kd6 58. Rc5 Rc6 59. Rxc6+ bxc6+ 60. Kb4 c5+ 61. dxc5+ Kc6 62. b3 axb3 63. Kxb3 Kxc5 64. Kc3 d4+ 65. exd4+ Kb5 66. Kb3 Ka5 67. Kc4 Kb6 68. a4 Ka5 69. d5 Kb6 70. Kb4 Kc7 71. a5 Kd6 72. Kc4 1-0

[Event "Kouty nad Desnou op-A"]
[Site "Kouty nad Desnou"]
[Date "2017.03.17"]
[Round "8"]
[White "Kanka, Matej"]
[Black "Zalesky, Karel"]
[Result "1/2-1/2"]
[WhiteElo "1742"]
[BlackElo "2059"]
[PlyCount "73"]
[EventDate "2017.03.11"]
[EventType "swiss"]
[EventRounds "9"]
[EventCountry "CZE"]
[SourceTitle "CBM 177 Extra"]
[Source "ChessBase"]
[SourceDate "2017.04.27"]
[SourceVersion "1"]
[SourceVersionDate "2017.04.27"]
[SourceQuality "1"]

1. e4 c5 2. Nc3 Nc6 3. Bb5 g6 4. f4 Bg7 5. Nf3 a6 6. Bxc6 dxc6 7. d3 e6 8. 0-0 Ne7 9. Qe1 0-0 10. Qh4 Bd7 11. Kh1 Nc8 12. Qh3 f5 13. e5 Ne7 14. Be3 b6 15. Bf2 Nd5 16. Nxd5 cxd5 17. Bh4 Qe8 18. Bg5 Qf7 19. Qh4 Rae8 20. h3 d4 21. Nd2 b5 22. Nb3 h6 23. Bxh6 Bxh6 24. Qxh6 Rc8 25. Rf3 Qg7 26. Qg5 Kf7 27. Rg3 Rh8 28. Re1 Rh6 29. Na5 Rb8 30. b4 cxb4 31. Rb1 b3 32. Nxb3 Rbh8 33. Nxd4 Rh5 34. Qf6+ Qxf6 35. exf6 Kxf6 36. Nf3 Rc8 37. Rb2 1/2-1/2

[Event "Kouty nad Desnou op-A"]
[Site "Kouty nad Desnou"]
[Date "2017.03.15"]
[Round "6"]
[White "Zalesky, Karel"]
[Black "Klubal, Jiri"]
[Result "1-0"]
[WhiteElo "2059"]
[BlackElo "1684"]
[PlyCount "90"]
[EventDate "2017.03.11"]
[EventType "swiss"]
[EventRounds "9"]
[EventCountry "CZE"]
[SourceTitle "CBM 177 Extra"]
[Source "ChessBase"]
[SourceDate "2017.04.27"]
[SourceVersion "1"]
[SourceVersionDate "2017.04.27"]
[SourceQuality "1"]

1. d4 d5 2. c4 e6 3. Nf3 c5 4. e3 Nf6 5. Nc3 Nc6 6. dxc5 Bxc5 7. cxd5 exd5 8. Be2 0-0 9. 0-0 Be6 10. b3 Re8 11. Na4 Bd6 12. Bb2 Qe7 13. Nd4 Ne4 14. f4 Rad8 15. Rc1 Nb4 16. a3 Nc6 17. Rxc6 bxc6 18. Nxc6 Qb7 19. Nxd8 Rxd8 20. Qd4 f6 21. b4 Rc8 22. Bd3 Bf8 23. Nc3 Nd6 24. Rd1 Ne8 25. Be2 a5 26. Bf3 Nc7 27. Nxd5 Bxd5 28. Bxd5+ Qxd5 29. Qxd5+ Nxd5 30. Rxd5 axb4 31. axb4 Bxb4 32. Rb5 Bd2 33. Kf2 Bc3 34. Ba3 Re8 35. Bc5 h6 36. Kf3 Kh7 37. Rb3 Bd2 38. Bd4 Kg6 39. Rb2 Bc1 40. Rb5 f5 41. h3 Re7 42. g4 fxg4+ 43. hxg4 Rc7 44. Rb6+ Kf7 45. Rb5 Kg6 1-0

[Event "Kouty nad Desnou op-A"]
[Site "Kouty nad Desnou"]
[Date "2017.03.13"]
[Round "3"]
[White "Londin, Simon"]
[Black "Zalesky, Karel"]
[Result "0-1"]
[WhiteElo "1714"]
[BlackElo "2059"]
[PlyCount "106"]
[EventDate "2017.03.11"]
[EventType "swiss"]
[EventRounds "9"]
[EventCountry "CZE"]
[SourceTitle "CBM 177 Extra"]
[Source "ChessBase"]
[SourceDate "2017.04.27"]
[SourceVersion "1"]
[SourceVersionDate "2017.04.27"]
[SourceQuality "1"]

1. d4 Nf6 2. c4 e6 3. Nc3 Bb4 4. f3 c5 5. d5 d6 6. e4 exd5 7. cxd5 h6 8. Bb5+ Bd7 9. Bxd7+ Nbxd7 10. Nge2 b5 11. 0-0 a6 12. a4 bxa4 13. Qxa4 0-0 14. Be3 Re8 15. Qc2 Nb6 16. Bf2 Qd7 17. Nc1 Reb8 18. Nd3 a5 19. Na4 Nc8 20. b3 Qb5 21. Qc4 Qb7 22. Rfd1 Nd7 23. f4 Ncb6 24. Qc2 Nxa4 25. bxa4 Nf6 26. Qc4 Ng4 27. e5 Nxf2 28. Nxf2 Qe7 29. e6 Qf6 30. exf7+ Qxf7 31. g3 Re8 32. Ra2 Ra7 33. Ne4 Qg6 34. Nc3 Re3 35. Nb5 Rae7 36. Rf1 R7e4 37. Qc2 Qh5 38. Qd1 Re2 39. Rxe2 Rxe2 40. h4 c4 41. Nd4 Bc5 42. Rf2 Bxd4 43. Qxd4 Re1+ 44. Rf1 Rxf1+ 45. Kxf1 Qf3+ 46. Qf2 Qd3+ 47. Qe2 Qxd5 48. Kf2 c3 49. Qe8+ Kh7 50. h5 Qd4+ 51. Kg2 Qd3 52. Qf7 Qe4+ 53. Kh3 c2 0-1

[Event "Kouty nad Desnou op-A"]
[Site "Kouty nad Desnou"]
[Date "2017.03.12"]
[Round "2"]
[White "Zalesky, Karel"]
[Black "Kratochvil, Vit"]
[Result "0-1"]
[WhiteElo "2059"]
[BlackElo "2218"]
[PlyCount "69"]
[EventDate "2017.03.11"]
[EventType "swiss"]
[EventRounds "9"]
[EventCountry "CZE"]
[SourceTitle "CBM 177 Extra"]
[Source "ChessBase"]
[SourceDate "2017.04.27"]
[SourceVersion "1"]
[SourceVersionDate "2017.04.27"]
[SourceQuality "1"]

1. e4 c5 2. Nf3 Nc6 3. d4 cxd4 4. Nxd4 g6 5. Nc3 Bg7 6. Be3 Nf6 7. Qd2 0-0 8. f3 d5 9. 0-0-0 dxe4 10. Nxe4 Nxe4 11. fxe4 Qc7 12. Nxc6 Qxc6 13. Qb4 Be6 14. Bb5 Qc7 15. Kb1 Rfc8 16. Rd2 a6 17. Ba4 Qe5 18. Rd4 b5 19. Bb3 a5 20. Qd2 a4 21. Bxe6 Qxe6 22. Rb4 Rd8 23. Qe2 a3 24. Qxb5 axb2 25. a4 Qg4 26. Ka2 Qxg2 27. Re1 Qxc2 28. Rb1 Qxh2 29. Bb6 Rdc8 30. Bd4 Bxd4 31. Rxd4 Rcb8 32. Qc5 e6 33. Rc4 Qe2 34. Qc6 Qd3 35. Rc5 0-1

[Event "CZE-chT1E 1617"]
[Site "Czech Republic"]
[Date "2017.02.19"]
[Round "8.3"]
[White "Baier, Pavel"]
[Black "Zalesky, Karel"]
[Result "1/2-1/2"]
[WhiteElo "2122"]
[BlackElo "2067"]
[PlyCount "95"]
[EventDate "2016.10.16"]
[EventType "team-tourn"]
[EventRounds "11"]
[EventCountry "CZE"]
[SourceTitle "CBM 177 Extra"]
[Source "ChessBase"]
[SourceDate "2017.04.27"]
[SourceVersion "1"]
[SourceVersionDate "2017.04.27"]
[SourceQuality "1"]
[WhiteTeam "Havirov Banik"]
[BlackTeam "Opava KVS"]
[WhiteTeamCountry "CZE"]
[BlackTeamCountry "CZE"]

1. e4 c5 2. Nf3 e6 3. b3 Nc6 4. Bb5 Nge7 5. Bb2 a6 6. Bxc6 Nxc6 7. 0-0 b5 8. c4 b4 9. Re1 Bb7 10. d4 cxd4 11. Nxd4 Nxd4 12. Bxd4 Qg5 13. Nd2 f6 14. Re3 e5 15. Rg3 Qxg3 16. hxg3 exd4 17. Nf3 Bc5 18. Nxd4 0-0 19. Qd3 g6 20. Kf1 Rf7 21. g4 Re8 22. f3 Re5 23. Re1 Rfe7 24. Nc2 h5 25. gxh5 Rxh5 26. Ne3 Bc6 27. Ng4 Re6 28. e5 Kf7 29. Nxf6 Rh1+ 30. Ke2 Rxe5+ 31. Ne4 Rh2 32. Kd1 Rxg2 33. Nxc5 Rxc5 34. Qd6 Rf5 35. Re7+ Kg8 36. Qb8+ Rf8 37. Re8 Rxe8 38. Qxe8+ Kg7 39. Qe7+ Kg8 40. Qe8+ Kg7 41. Qe7+ Kg8 42. Qxb4 Rxa2 43. Qb8+ Kh7 44. Qf4 Ra5 45. Qf7+ Kh6 46. Qf8+ Kh7 47. Qe7+ Kh6 48. Qf8+ 1/2-1/2

[Event "CZE-chT1E 1617"]
[Site "Czech Republic"]
[Date "2017.02.05"]
[Round "7.4"]
[White "Zvolanek, Libor"]
[Black "Zalesky, Karel"]
[Result "1/2-1/2"]
[WhiteElo "2198"]
[BlackElo "2067"]
[PlyCount "146"]
[EventDate "2016.10.16"]
[EventType "team-tourn"]
[EventRounds "11"]
[EventCountry "CZE"]
[SourceTitle "CBM 177 Extra"]
[Source "ChessBase"]
[SourceDate "2017.04.27"]
[SourceVersion "1"]
[SourceVersionDate "2017.04.27"]
[SourceQuality "1"]
[WhiteTeam "Grygov"]
[BlackTeam "Opava KVS"]
[WhiteTeamCountry "CZE"]
[BlackTeamCountry "CZE"]

1. d4 Nf6 2. Nf3 e6 3. c4 d5 4. Bg5 c5 5. cxd5 exd5 6. Nc3 Be6 7. e3 a6 8. Be2 Nc6 9. 0-0 cxd4 10. Nxd4 Be7 11. Rc1 Nd7 12. Bxe7 Nxe7 13. Nxe6 fxe6 14. e4 Nf6 15. exd5 exd5 16. Bh5+ g6 17. Bg4 0-0 18. Be6+ Kg7 19. Re1 b5 20. Qd4 Qd6 21. Rcd1 Rfe8 22. Re3 Nc6 23. Qb6 Rab8 24. Qxa6 Rxe6 25. Nxb5 Qd7 26. Rxe6 Qxe6 27. Nd4 Nxd4 28. Qa7+ Kh6 29. Qxb8 Qg4 30. Rd3 Ne2+ 31. Kf1 Nf4 32. Qf8+ Kh5 33. Rh3+ Nxh3 34. gxh3 Qxh3+ 35. Kg1 Qg4+ 36. Kf1 Qf5 37. Qe7 Ne4 38. Qxh7+ Kg5 39. Qa7 Qh3+ 40. Kg1 Kh6 41. Qe3+ Qxe3 42. fxe3 Kg5 43. a4 Nc5 44. a5 Na6 45. Kf2 Kg4 46. Kg2 Kf5 47. Kf3 Nb4 48. Ke2 Ke4 49. Kf2 g5 50. h3 Nd3+ 51. Ke2 Nxb2 52. a6 Nc4 53. a7 Nb6 54. Kf2 Kd3 55. Kf3 Na8 56. Kf2 Kd2 57. Kf3 Ke1 58. Kg4 Ke2 59. Kxg5 Kxe3 60. h4 d4 61. h5 d3 62. h6 d2 63. h7 d1Q 64. h8Q Qd5+ 65. Kg6 Qe4+ 66. Kf7 Qb7+ 67. Kg6 Qxa7 68. Qc3+ Ke4 69. Qe1+ Kd5 70. Qh1+ Kd6 71. Qh2+ Kc6 72. Qc2+ Kb7 73. Qe4+ Ka6 1/2-1/2